000 00450nam a22001457a 4500
020 _a9788189757922
050 _aTK275
_b.G8
100 _aJ.B.Gupta
245 _aquestion bank in electrical engineering.
_bwith more than 16,000 objective type questions &answers for B.E.,A.M.I.E.,I.ETE.,GATF etc.
250 _a4th.ed.
260 _aNew delhi,India
_bS.k.kataria &Sons.
_c2011.
300 _a767p.
650 _belectrical engineering
942 _cGEN
999 _c680
_d680